Trendy v internom kontrolovaní nadnárodného podniku diplomová práca

Uložené v:
Podrobná bibliografia
Hlavný autor: Tomčala, Peter
Korporativný autor: Fakulta podnikového manažmentu EU. Katedra manažmentu
Ďalší autori: Mišún, Juraj, 1978-
Médium: Kniha
Jazyk:Slovak
Vydavateľské údaje: Bratislava 2018
Tagy: Pridať tag
Žiadne tagy, Buďte prvý, kto otaguje tento záznam!

MARC

LEADER 00000nbm a2200000 4500
001 0247313
005 20180920131852.7
041 0 |a slo 
044 |a SK 
245 1 0 |a Trendy v internom kontrolovaní nadnárodného podniku  |b diplomová práca  |c Peter Tomčala ; školiteľ: Juraj Mišún 
264 1 |a Bratislava  |c 2018 
300 |a 57 s. 
100 1 |a Tomčala, Peter 
700 1 |a Mišún, Juraj, 1978- 
710 2 |a Fakulta podnikového manažmentu EU. Katedra manažmentu